000 00426nam a2200181Ia 4500
001 3540
005 20260306145651.0
008 260306t2006||||xx |||||||||||||| ||spa||
041 _aESP
082 _a288.7
_bD32
100 _aDawson, Christopher
_eAUT
245 0 _aHistoria de la cultura cristiana
260 _c2006
300 _a441 páginas :
_c21 cm.
650 _aGEN
654 _aCHU
942 _cLIB
_dJUS
_fJUS
_2ddc
_n
999 _c3540
_d3540